Регионална библиотека "Любен Каравелов" - Русе

Тринадесет века България (Запис номер 57570)

MARC детайли
000 -Лидер
Контролно поле с фиксирана дължина 01455nam a2200349 c 4500
003 - Код на организацията, давaща контролен номер
Контролно поле BLK
005 - Дата и час на последна редакция
Контролно поле 20221123142959.0
008 - Елементи от данни с фиксирана дължина
fixed length control field 180408b bul|||||r ||||||| ||bul||
010 ## - Наследен системен номер
LC control number KNG00061576000
040 ## - Източник на каталожния запис
Идентификатор на билиотеката - собственик на записа BLK
041 ## - Код за език
Код за езика на текст/звукозапис или на отделно заглавие Български
Код за езика КДБФ Български
080 ## - УДК
Текстов определител УДК Специална библиография
УДК код - определител по УДК 016
УДК определител :949.72
УДК - код + определител 016:949.72
080 ## - УДК
Текстов определител УДК История на България
УДК код - определител по УДК 94(497.2)
УДК определител (01)
УДК - код + определител 94(497.2)(01)
139 ## - Редно поле
Редна дума Спасов, Емил и др.
Авторски знак Сп - С 55
245 10 - Сведения за заглавието
Заглавие Тринадесет века България
Подзаглавни данни Ист. библиогр.
Редно поле (дума) състав. Емил Крумов Спасов; състав. Ганчо Ганчев Драганов; ред. Йорданка Димитрова Първанова.
257 ## - Страна на издаване
Страна на създаване/издаване България
260 ## - Област на издателските данни
-- София
Име на издателя, разпространителя и проч. Нар. библ. Св. св. Кирил и Методий
Година на издаване 1980
300 ## - Физическа характеристика
Страници 402 с.
Размери/Мащаб 23 см
380 ## - Жанр
Жанр Общ отдел
500 ## - Общи забележки
Забележка Именни и геогр. показалци.
653 ## - Ключова дума – ненормативна
Ключова дума история
653 ## - Ключова дума – ненормативна
Ключова дума България
653 ## - Ключова дума – ненормативна
Ключова дума библиографски указатели
700 1# - Други автори (авторска отговорност)
Лично име Спасов, Емил Крумов
Автороска отговорност (Описва отношението между автора и произведението) състав.
9 (RLIN) 369537
700 1# - Други автори (авторска отговорност)
Лично име Драганов, Ганчо Ганчев
9 (RLIN) 274800
700 1# - Други автори (авторска отговорност)
Лично име Първанова, Йорданка Димитрова
Автороска отговорност (Описва отношението между автора и произведението) ред.
9 (RLIN) 274802
852 ## - Местоположение
Форматна сигнатура Цб 143090
856 4# - Електронен адрес и достъп
Електронен формат pdf - файл
Път до файла /url/
856 4# - Електронен адрес и достъп
Електронен формат pdf - файл
Път до файла /url/
942 ## - АРТИКУЛИ
Вид на библиотечния материал Книги
Скрит в OPAC Не
944 ## - СЪЗДАВАНЕ И РЕДАКЦИЯ на ЗАПИСА
Създаване/Редакция Създаване
Дата на регистрацията/редакция 13.06.2004
Служител, извършил регистрацията/редакцията Ирена_Линкова
944 ## - СЪЗДАВАНЕ И РЕДАКЦИЯ на ЗАПИСА
Създаване/Редакция Редакция
Дата на регистрацията/редакция 06.02.2012
Служител, извършил регистрацията/редакцията
999 ## - СИСТЕМНИ КОНТРОЛНИ НОМЕРА
Koha biblionumber 57570
Koha biblioitemnumber 57570
Наличности
Код за отписване Код за изгубен артикул Източник на класификационната схема Код за повреда Коз за рестрикции Код за отдаване Артикулен № Име на библиотеката - собственик Име на библиотеката, в която се намира в момента Статус (Текущо местоположение) Дата на вписване в системата Местоположение - отдел Цена в лева Инвентарен номер Систематично азбучна сигнатура Баркод Номер на екземпляра Цена в евро Служебна бележка Служебен тип на артикула
Изтеглен Не е изгубен Universal Decimal Classification Не е повреден без рестрикции ползва се в читалня 93574 Регионална библиотека "Любен Каравелов" Русе Регионална библиотека "Любен Каравелов" Русе Читалня - справочен фонд 1993-01-01 Читалня - справочен фонд 4.50 306868 СЧ 016:949.72/С55 306868 1 2.30 Дата инв: 31.03.2017 Бележки инв: СЧ2017 Книги
  Не е изгубен Universal Decimal Classification Не е повреден без рестрикции ползва се в читалня 93575 Регионална библиотека "Любен Каравелов" Русе Регионална библиотека "Любен Каравелов" Русе Хранилище 1980-01-01 Хранилище 4.50 308520 Цб 143090 120000308520 2 2.30 Дост: Dp Вид: Д N: стар фонд Дата: 01.01.1980 Книги
Изтеглен Не е изгубен Universal Decimal Classification Не е повреден без рестрикции ползва се в читалня 93576 Регионална библиотека "Любен Каравелов" Русе Регионална библиотека "Любен Каравелов" Русе Заемна - справочен фонд 1980-01-01 Заемна - справочен фонд 4.50 306866 СП 016:949.72/С55 306866 3 2.30 Дост: Pk Вид: Ф N: стар фонд Дата: 01.01.1980 Дата инв: 19.02.2018 Бележки инв: СП2018 Книги
  Не е изгубен Universal Decimal Classification Не е повреден само за читалня ползва се в читалня 93577 Регионална библиотека "Любен Каравелов" Русе Регионална библиотека "Любен Каравелов" Русе СБИД 1980-01-01 СБИД 4.50 306867 С 016:94(497.2)/С 55 120000306867 4 2.30 Дост: Pk Вид: Ф N: стар фонд Дата: 01.01.1980 Дата инв: 08.06.2017 Бележки инв: С2017 Книги
Изтеглен Не е изгубен Universal Decimal Classification Не е повреден без рестрикции ползва се в читалня 93578 Регионална библиотека "Любен Каравелов" Русе Регионална библиотека "Любен Каравелов" Русе Изкуство - справочен фонд 1980-01-01 Изкуство - справочен фонд 0.00 306869 СИ 016:9/С55 306869 5 0.00 Дост: Pk Вид: Ф N: стар фонд Дата: 01.01.1980 Дата инв: 15.06.2017 Бележки инв: СИ2017 Книги
Vip Innovations Ltd, Rousse, Bulgaria 2025